| 000 | 00941nam a2200217 a 4500 | ||
|---|---|---|---|
| 003 | MX-MxUPN | ||
| 005 | 20240420063643.0 | ||
| 008 | 991125s1924 mx r 000 0 spa d | ||
| 035 | _aUPN01000031198 | ||
| 040 |
_aMX-MxUPN _bspa _cMX-MxUPN |
||
| 041 | 0 | _aspa | |
| 050 | 1 | 4 |
_aJ171 _bN5 1924 |
| 110 | 1 |
_aMéxico. _bPresidente (1920-1924 : Obregón) _928162 |
|
| 245 | 1 | 0 | _aInforme rendido al H. Congreso de la Unión por el presidente constitucional de la República C. Alvaro Obregón, el día 1o. de septiembre de 1924, y contestación del C. presidente de la H. Cámara de Diputados |
| 260 |
_aMéxico : _bImprenta del Diario Oficial, _c1924. |
||
| 300 | _a116 páginas | ||
| 650 | 4 |
_aPresidentes _zMéxico _vInformes _96409 |
|
| 710 | 1 |
_aMéxico. _bSecretaría de Educación Pública. _bBiblioteca Pública _epropietario anterior _951349 |
|
| 710 | 2 |
_aMuseo Pedagógico Nacional (México) _951335 _epropietario anterior |
|
| 942 |
_2lcc _cLIBRO |
||
| 999 |
_c31198 _d31198 |
||